000
00324nam a22001457a 4500
020
_a
978-0849335860
041
_a
ENG
100
_a
Carter.M.R
245
_a
Soil Sampling And Methods Of Analysis
250
_a
Second Ed
260
_a
Celhi
_b
CRC Press
_c
1996
300
_a
1204
650
_a
SWCE
856
_u
SWCE ( 43 )
999
_c
1974
_d
1974